[Event "Forquilhinha op"]
[Site "Forquilhinha"]
[Date "2013.10.13"]
[Round "6"]
[White "Da Silva Mach, John Jones"]
[Black "Orguim da Silva, Joao Carlos"]
[Result "0-1"]
[WhiteElo "1800"]
[BlackElo "1914"]
[PlyCount "58"]
[EventDate "2013.10.10"]
[EventType "swiss"]
[EventRounds "7"]
[EventCountry "BRA"]
[SourceTitle "EXT 2014"]
[Source "ChessBase"]
[SourceDate "2013.11.20"]
[SourceVersion "1"]
[SourceVersionDate "2013.11.20"]
[SourceQuality "1"]

1. e4 c5 2. Nf3 Nc6 3. d4 cxd4 4. Nxd4 g6 5. Nc3 Bg7 6. Be3 Nf6 7. f3 d6 8. Bc4 0-0 9. Qd2 Bd7 10. 0-0-0 Rc8 11. Bb3 Na5 12. Kb1 Nxb3 13. axb3 Qa5 14. Nd5 Qd8 15. Nxf6+ Bxf6 16. g4 a5 17. h4 a4 18. h5 axb3 19. Nxb3 Qc7 20. Bd4 Bxd4 21. Nxd4 Qc4 22. hxg6 fxg6 23. Rh6 Rf7 24. Rdh1 e5 25. Nb3 Ba4 26. Qh2 Bxb3 27. Rxg6+ Kh8 28. c3 Qd3+ 29. Kc1 Ra8 0-1

[Event "Latin Cup"]
[Site "Montevideo"]
[Date "2011.11.06"]
[Round "9"]
[White "Zecharies, Alexis"]
[Black "Orguim da Silva, Joao Carlos"]
[Result "0-1"]
[WhiteElo "1697"]
[BlackElo "1932"]
[PlyCount "78"]
[EventDate "2011.11.01"]
[EventType "swiss"]
[EventRounds "9"]
[EventCountry "URU"]
[SourceTitle "EXT 2012"]
[Source "ChessBase"]
[SourceDate "2011.11.24"]
[SourceVersion "1"]
[SourceVersionDate "2011.11.24"]
[SourceQuality "1"]

1. d4 d5 2. e4 dxe4 3. Nc3 Nf6 4. f3 exf3 5. Nxf3 Bg4 6. Be3 e6 7. Bc4 Bb4 8. 0-0 Bxc3 9. bxc3 Ne4 10. Qe1 Nd6 11. Bb3 Bxf3 12. Rxf3 Nc6 13. a3 Na5 14. Ba2 Nac4 15. Bf4 c6 16. Qe2 b5 17. Rd1 Qe7 18. Bxc4 Nxc4 19. Rg3 g6 20. Qe4 Rc8 21. Rf1 h6 22. Rgf3 g5 23. Bc1 f5 24. Qe2 Kd7 25. Re1 Rhf8 26. Qd3 Rf7 27. Rf2 Qd6 28. Rfe2 Re8 29. Rf1 Nxa3 30. g4 Rff8 31. Ref2 f4 32. Qe4 Nc4 33. h4 Rf7 34. Rh2 a5 35. hxg5 hxg5 36. Rh5 a4 37. Rxg5 a3 38. Rg6 Qd5 39. Qxd5+ exd5 0-1

[Event "Latin Cup"]
[Site "Montevideo"]
[Date "2011.11.03"]
[Round "3"]
[White "Orguim da Silva, Joao Carlos"]
[Black "Izquierdo, Daniel"]
[Result "0-1"]
[WhiteElo "1932"]
[BlackElo "2277"]
[PlyCount "62"]
[EventDate "2011.11.01"]
[EventType "swiss"]
[EventRounds "9"]
[EventCountry "URU"]
[SourceTitle "EXT 2012"]
[Source "ChessBase"]
[SourceDate "2011.11.24"]
[SourceVersion "1"]
[SourceVersionDate "2011.11.24"]
[SourceQuality "1"]

1. Nf3 Nf6 2. g3 g6 3. Bg2 Bg7 4. 0-0 0-0 5. d4 d6 6. Nbd2 Nbd7 7. e4 e5 8. c3 Re8 9. Re1 b6 10. Qc2 Bb7 11. d5 c6 12. Nc4 Qc7 13. Ne3 cxd5 14. Nxd5 Nxd5 15. exd5 Bxd5 16. Rd1 Bb7 17. Ng5 Bxg2 18. Kxg2 Nf6 19. Ne4 Qc6 20. f3 d5 21. Nxf6+ Bxf6 22. Qd3 Rad8 23. Be3 h5 24. Rd2 Kg7 25. Rad1 h4 26. g4 e4 27. Qe2 d4 28. Bxd4 Rxd4 29. cxd4 exf3+ 30. Qxf3 h3+ 31. Kf2 Bh4+ 0-1